ბათუმის შოთა რუსთაველის სახელმწიფო უნივერსიტეტის ბიბლიოთეკა

Avoiding Plagiarism : (ბიბ.ჩანაწერი № 58233)

000 -LEADER
fixed length control field 00570nam a22001697a 4500
005 - DATE AND TIME OF LATEST TRANSACTION
control field 20211006135140.0
008 - FIXED-LENGTH DATA ELEMENTS--GENERAL INFORMATION
fixed length control field 210927s2011 enk||||| |||| 00| 0 eng d
020 ## - INTERNATIONAL STANDARD BOOK NUMBER
International Standard Book Number 9781450276283
041 ## - LANGUAGE CODE
Language code of text/sound track or separate title eng
080 ## - UNIVERSAL DECIMAL CLASSIFICATION NUMBER
Universal Decimal Classification number 37+808.025 W-82
100 ## - MAIN ENTRY--PERSONAL NAME
Personal name Wong, Ken K.
9 (RLIN) 12557
245 ## - TITLE STATEMENT
Title Avoiding Plagiarism :
Remainder of title Write Better Papers in APA, Chicago, and Harvard Citation Styles /
Statement of responsibility, etc. Ken K Wong.
264 ## - PRODUCTION, PUBLICATION, DISTRIBUTION, MANUFACTURE, AND COPYRIGHT NOTICE
Place of production, publication, distribution, manufacture Bloomington :
Name of producer, publisher, distributor, manufacturer iUniverse,
Date of production, publication, distribution, manufacture, or copyright notice 2011.
300 ## - PHYSICAL DESCRIPTION
Extent 88 p.
Other physical details 23 ცმ.
653 ## - INDEX TERM--UNCONTROLLED
keyword პლაგიატის თავიდან აცილება
942 ## - ADDED ENTRY ELEMENTS (KOHA)
Source of classification or shelving scheme
Koha item type წიგნი
ეგზემპლარები
Withdrawn status Lost status Source of classification or shelving scheme Damaged status Not for loan Permanent Location Current Location Shelving location Date acquired Cost, normal purchase price Full call number Barcode Date last seen Copy number Price effective from Koha item type Public note
          ბათუმის შოთა რუსთაველის სახელმწიფო უნივერსიტეტის მთავარი ბიბლიოთეკა ბათუმის შოთა რუსთაველის სახელმწიფო უნივერსიტეტის მთავარი ბიბლიოთეკა წიგნსაცავი 2021-09-27 48.00 37+808.025 W-82 61730 2021-09-27 61730 2021-09-27 წიგნი 48 ლ.
          ბათუმის შოთა რუსთაველის სახელმწიფო უნივერსიტეტის მთავარი ბიბლიოთეკა ბათუმის შოთა რუსთაველის სახელმწიფო უნივერსიტეტის მთავარი ბიბლიოთეკა წიგნსაცავი 2021-09-27 48.00 37+808.025 W-82 61731 2021-09-27 61731 2021-09-27 წიგნი 48 ლ.